000 00766nam a2200277Ia 4500
005 20260324112052.0
008 008 260324s9999 xx 000 0 eng d
020 _a9781003303558
037 _aEBOOK
040 _aCRL
040 _beng
040 _cCRL
041 _2eng
041 _aeng
084 _qCRL
100 _aChristina Hughes; Carol A. Taylor; Michelle Salazar Pérez; Jasmine B. Ulmer
_91141172
245 4 _aThe Routledge International Handbook of Transdisciplinary Feminist Research and Methodological Praxis
260 _bTaylor and Francis
260 _c2024
365 _a
365 _b350
856 _uhttp://www.taylorfrancis.com/books/9781003303558
942 _cEBOOK
999 _c1730225
_d1730225